[Event "Tatry Open 2018"]
[Site "Tatranska Lomnica"]
[Date "2018.09.30"]
[Round "1"]
[White "Bochnicka, Vladimir"]
[Black "Jablonicky, Martin"]
[Result "0-1"]
[WhiteElo "2092"]
[BlackElo "2346"]
[Annotator "TA"]
[PlyCount "100"]
[EventDate "2018.09.30"]
[EventType "swiss"]
[EventCountry "SVK"]
[SourceTitle "playchess.com"]
[Source "ChessBase"]
[SourceQuality "1"]

{[%evp 16,100,52,14,33,15,24,9,22,0,8,-6,9,0,0,-25,0,-3,-4,-25,-25,-24,-14,-31,-5,-7,-2,-27,-18,-111,-97,-92,-120,-99,-110,-93,-98,-112,-98,-155,-127,-143,-136,-135,-134,-133,-131,-371,-375,-354,-358,-481,-451,-552,-532,-605,-584,-377,-575,-735,-604,-594,-592,-584,-584,-29969,-29966,-6095,-1791,-29971,-29971,-29976,-29975,-29981,-29982,-29984,-29985,-29986,-29987,-29986,-29987,-29987,-29988,-29988,-29989,-29992,-29990]} 1. e4 g6 2. d4 Bg7 3. Nf3 d6 4. Be2 Nf6 5. Nc3 O-O 6. O-O a6 7. a4 b6 8. Re1 Bb7 9. Bf1 {LiveBook: 39 Games} (9. e5 $5 {[%cal Re5f6]} Nd5 10. Nxd5 Bxd5 11. c4 $14) 9... Nbd7 {B08: Pirc Defence: Classical System} (9... e6 10. h3 Nbd7 11. Bf4 Qe7 12. Bh2 e5 13. dxe5 dxe5 14. Bc4 c6 15. Qe2 b5 16. Bb3 Nh5 17. Rad1 Nc5 18. Qe3 {0-1 (51) Milov,V (2615)-Petrosian,T (2625) Minsk 2015}) 10. h3 e5 11. dxe5 $146 ({Predecessor:} 11. Bg5 h6 12. Bh4 g5 13. dxe5 dxe5 14. Bg3 Nh5 15. Bh2 Nf4 16. Bc4 c6 17. Bxf4 gxf4 {1-0 (29) Olivier,J (2398)-Gibson,J (2035) Le Touquet 2003}) 11... dxe5 {The position is equal.} 12. Bg5 Nc5 13. Bc4 h6 14. Bxf6 Qxf6 15. Nd5 Bxd5 (15... Qd6 {keeps more tension.} 16. a5 b5 17. Ba2 Rad8 18. Qe2 Ne6) 16. Bxd5 c6 $36 {[%mdl 2048] Black fights for an advantage.} 17. Bb3 Rfd8 18. Qe2 Bf8 19. Red1 b5 20. axb5 {[#] Strongly threatening Rxd8.} axb5 21. Nh2 h5 22. Qe3 (22. Rxa8 $11 Rxa8 23. Nf3) 22... Qf4 23. Nf3 Qxe3 24. fxe3 Nxb3 25. cxb3 f6 26. Rxd8 Rxa1+ $17 {[%mdl 4096] Endgame KRB-KRN} 27. Kh2 (27. Kf2 $142) 27... Ra2 28. Rc8 Rxb2 29. Rxc6 Kf7 30. Rc7+ Ke6 31. Nh4 $2 (31. Rc6+ $17 Bd6 32. Rc3) 31... Rxb3 $19 32. Nxg6 Bd6 33. Rb7 b4 34. Nh4 {intending Nf5.} Rxe3 35. Nf5 {[%cal Rf5g7]} Rxe4 36. Ng7+ Kd5 37. Nxh5 Kc4 38. Nxf6 Rf4 39. Ng4 e4 40. Kg1 Bc5+ 41. Kh2 {[#]} e3 (41... Rxg4 $142 $1 {[%mdl 512]} 42. Rd7 (42. hxg4 e3) 42... e3) 42. Nxe3+ Bxe3 {KRB-KR. Black mates.} 43. g4 b3 44. g5 Bd4 45. g6 b2 46. Kg3 Rf1 47. Kg4 b1=Q 48. Rxb1 Rxb1 49. h4 Kd5 50. h5 Bg7 {Precision: White = 24%, Black = 57%.} 0-1

[Event "Tatry Open 2018"]
[Site "Tatranska Lomnica"]
[Date "2018.09.30"]
[Round "1"]
[White "Lukac, Roman"]
[Black "Pacher, Milan"]
[Result "0-1"]
[WhiteElo "2080"]
[BlackElo "2457"]
[Annotator "TA"]
[PlyCount "90"]
[EventDate "2018.09.30"]
[EventType "swiss"]
[EventCountry "SVK"]
[SourceTitle "playchess.com"]
[Source "ChessBase"]
[SourceQuality "1"]

{[%evp 24,90,0,0,0,0,0,-24,68,65,66,58,66,0,24,0,112,109,103,0,0,0,0,-54,0,0,0,0,46,-161,-160,-178,-172,-164,-171,-165,-162,-385,-381,-372,-365,-355,-340,-335,-208,-296,-256,-122,-28,-20,-20,-43,-18,-243,-235,-492,-441,-786,-788,-1539,-1423,-1466,-1177,-29962,-29961,-29967,-29968,-29966,-29939]} 1. e4 c5 2. Nf3 d6 3. d4 cxd4 4. Nxd4 Nf6 5. Nc3 Nc6 6. Bc4 e6 7. Bb3 Be7 8. Be3 O-O 9. Qe2 a6 10. O-O-O Qc7 11. Kb1 b5 12. f3 Na5 13. g4 Nxb3 {B89: Sicilian: Velimirovic Attack} 14. axb3 Bb7 15. g5 Nd7 (15... Nh5 $1 $11) 16. h4 $1 $14 b4 17. Na4 Nc5 18. h5 Nxa4 19. bxa4 {[#]} Rac8 $146 {[#]} (19... d5 $11 {remains equal.}) ({Predecessor:} 19... d5 20. g6 Bf6 21. exd5 Bxd5 22. gxh7+ Kxh7 23. Rhg1 Qc4 24. Qxc4 Bxc4 25. f4 Rac8 26. b3 Bd5 27. Rc1 Rc3 {0-1 (27) Dragojlovic,A (2393)-Rusev,K (2541) Sofia 2008}) 20. g6 $1 $16 {[%mdl 512] And now h6 would win.} Bf6 (20... fxg6 21. Nxe6) 21. gxf7+ (21. h6 $1 $16 hxg6 22. Qh2 (22. hxg7 Rfe8 $14)) 21... Qxf7 $11 22. Nb3 Be5 $36 {[%mdl 2048] Black fights for an advantage.} 23. Rdf1 (23. Qd3 $11) 23... Qd7 (23... Bc6 $15 24. Qxa6 Qd7) 24. a5 Bc6 {[%cal Bb7c6,Bc6b5,Bb5f1][%mdl 32]} 25. Qd2 Bb5 26. f4 $2 (26. Rf2 $14 {is the one way to stay ahead.}) 26... Bxf1 $19 27. fxe5 Qc6 28. exd6 Qxe4 29. Rg1 {[#]} Rxc2 $1 {[%mdl 512]} 30. Rxg7+ $2 (30. Qd4 Bg2 31. Qxe4 Bxe4 32. Ka1) (30. Qxc2 Bd3) 30... Kxg7 31. Qd4+ Qxd4 32. Bxd4+ Kh6 33. Kxc2 Kxh5 {[%mdl 4096] Endgame KRB-KBN} 34. Nc5 {[#]} (34. Bb6 $142 Bb5 35. Nc5) 34... Bb5 $1 35. Nxe6 Rc8+ ({Black should play} 35... Rf3 $17 36. Nc7 b3+ 37. Kc1 Bc6) 36. Nc7 $1 $11 Ba4+ 37. Kd3 Rd8 38. Bc5 $2 {[#]} (38. Be5 $1 $11 {and White is okay.}) 38... Kg4 $1 $19 {Strongly threatening ...h5.} 39. Ke4 $2 (39. Kc4 h5 40. Nxa6) 39... h5 {[%cal Bh7h5,Bh5h4,Bh4h3][%mdl 32]} 40. Kd5 (40. Nd5 $142 h4 41. Nf6+ Kg3 42. Bd4) 40... h4 41. Bd4 h3 {aiming for ...h2.} 42. Be5 Rf8 43. Ke6 Rf5 {Black mates.} 44. Bh2 Rf2 45. Be5 Re2 {Precision: White = 33%, Black = 61%.} 0-1

[Event "Tatry Open 2018"]
[Site "Tatranska Lomnica"]
[Date "2018.09.30"]
[Round "1"]
[White "Mrva, Vladimir"]
[Black "Berezjuk, Sergej"]
[Result "0-1"]
[WhiteElo "2078"]
[BlackElo "2427"]
[Annotator "TA"]
[PlyCount "104"]
[EventDate "2018.09.30"]
[EventType "swiss"]
[EventCountry "SVK"]
[SourceTitle "playchess.com"]
[Source "ChessBase"]
[SourceQuality "1"]

{[%evp 13,104,6,36,0,0,9,18,0,37,-19,-14,-17,-25,-26,-4,-22,6,0,0,-5,0,14,9,-22,-23,-37,-6,-6,-2,-3,0,-1,5,0,13,-18,1,-16,-5,-12,-11,-72,-70,-72,-72,-97,-105,-101,-108,-101,-100,-104,-100,-120,-113,-126,-127,-162,-145,-153,-123,-153,-152,-173,-154,-202,-181,-187,-126,-144,-131,-158,-160,-167,-97,-104,-108,-102,-108,-95,-106,-321,-270,-1544,-1476,-2027,-1796,-6728,-5822,-29992,-29993,-29998,-29999]} 1. e4 c5 2. Nf3 d6 3. Bb5+ Nd7 4. O-O Ngf6 5. Re1 a6 6. Bf1 b6 7. c4 {B51: Sicilian: Moscow Variation (3 Bb5+) without 3...Bd7} (7. d4 cxd4 8. Qxd4 Bb7 9. Nc3 e6 10. Bg5 Be7 11. Rad1 Qc7 12. a4 Rc8 13. h3 O-O 14. Qe3 h6 15. Bh4 Rfd8 16. Bg3 {0-1 (26) Bacrot,E (2708)-Karjakin,S (2781) Paris 2017}) 7... Ne5 {LiveBook: 4 Games} 8. h3 Bb7 9. Nc3 {The position is equal.} g6 $146 ({Predecessor:} 9... e6 10. d3 Be7 11. Bf4 Nfd7 12. Bg3 O-O 13. Nxe5 dxe5 14. Qh5 Bf6 {1-0 (44) Klinova,M (2318)-Khukhashvili,S (2414) Batumi 2012}) 10. d3 Bg7 11. Nh2 ({White should try} 11. Nxe5 $14 dxe5 12. b4) 11... O-O 12. Be3 Rc8 13. Qd2 Re8 14. Bh6 Bh8 15. g3 Nc6 16. Bg2 e6 17. Bg5 Qc7 18. Rf1 Nd4 19. Nf3 Nxf3+ 20. Bxf3 Nd7 21. Bg2 Bc6 22. a4 Qb7 23. Bf4 Ne5 24. Ra3 Qc7 25. Raa1 Bd7 26. Bg5 Nc6 27. Ne2 (27. h4 $11 {remains equal.}) 27... Rb8 $17 28. Nc3 Nd4 {Strongly threatening ...Nb3.} 29. Ra2 b5 30. axb5 axb5 31. cxb5 Bxb5 32. Rd1 Bc6 33. Qf4 f5 34. Qh4 Qf7 35. Kh1 Rb4 36. Rda1 Rb7 37. Bf4 Bf6 38. Bg5 Bg7 39. Qf4 Be5 40. Qh4 Nb3 ({Black should play} 40... fxe4 $19 41. Nxe4 Bxe4 42. Qxe4 Qxf2) 41. Rf1 Rb4 $36 {[%mdl 2048] Black is on the roll.} 42. f4 Bg7 43. Ra6 {[#]} Nd4 (43... Bb7 $1 $19 {[%cal Rb7a6]} 44. Ra7 (44. Rxd6 Nd4 $17) 44... Ra8 45. Rxa8+ Bxa8) 44. Rxc6 Nxc6 45. exf5 Nd4 46. fxe6 Nxe6 47. Bd5 $2 (47. Ne4 $17 {was necessary.} Rd4 48. Nf6+ Bxf6 49. Bxf6) 47... Rd4 $19 {aiming for ...Rxd5!} ({Not} 47... Rxb2 48. Ne4 $11) 48. Bc4 $2 (48. Bc6) 48... Qb7+ 49. Kg1 {[#]} Rxc4 $1 {[%mdl 512]} 50. dxc4 Bd4+ 51. Rf2 Nxg5 52. Qxg5 Re1+ {Precision: White = 32%, Black = 54%.} 0-1

[Event "Tatry Open 2018"]
[Site "Tatranska Lomnica"]
[Date "2018.09.30"]
[Round "1"]
[White "Vorisek, Jakub"]
[Black "Vyskocil, Neklan"]
[Result "0-1"]
[WhiteElo "2069"]
[BlackElo "2315"]
[Annotator "TA"]
[PlyCount "50"]
[EventDate "2018.09.30"]
[EventType "swiss"]
[EventCountry "SVK"]
[SourceTitle "playchess.com"]
[Source "ChessBase"]
[SourceQuality "1"]

{[%evp 9,50,44,43,28,70,25,44,51,54,55,64,68,65,66,66,37,127,89,138,114,133,139,157,134,139,108,150,130,121,-50,34,-145,-127,-132,-116,-217,-219,-231,-133,-326,-332,-280,-261]} 1. e4 g6 2. d4 Bg7 3. Nc3 d6 4. Be3 c6 5. Qd2 b5 6. Nf3 {B06: Modern Defence} (6. a3 a6 7. Nf3 Nf6 8. Bh6 O-O 9. Bxg7 Kxg7 10. e5 dxe5 11. Nxe5 Qd6 12. Qe3 Be6 13. Be2 Nbd7 14. Rd1 Qc7 {1-0 (57) Wang,H (2717)-Mamedov,R (2650) Huaian 2016}) 6... Bb7 7. a3 a6 8. Be2 {White is slightly better.} Nd7 9. h4 h5 10. Ng5 Nh6 11. f3 Qc7 $146 ({Predecessor:} 11... a5 12. Nd1 {0-1 (40) Casagrande,H (2342)-Butunoi,A (2404) Austria 2007}) 12. O-O Nf6 (12... d5 $14) 13. Na2 Qd7 14. b3 Rc8 15. c4 O-O 16. Rac1 Rfd8 17. Nb4 Ne8 18. d5 cxd5 19. Bb6 $2 {[#]} ({Don't take} 19. exd5 Nf5 $14) (19. cxd5 $16 Rxc1 20. Rxc1) 19... dxc4 ({Black should play} 19... dxe4 $15 20. fxe4 (20. Nxe4 Nf5 $15) 20... Nc7) 20. Bxd8 $2 (20. bxc4 $14 {was the only good move.} Nc7 21. cxb5 axb5 22. Rc2) 20... c3 $17 21. Qe3 {Strongly threatening Bb6.} Qxd8 22. f4 (22. Qa7 $17 Qd7 23. Rfd1) 22... Nf6 $19 23. e5 {[#]} Nfg4 ({Better is} 23... dxe5 $1 $19 {Threatens to win with ...Nf5.} 24. Rfd1 Nd7) 24. Bxg4 $2 (24. Qa7 $17 Rc7 25. Nxa6 Bxa6 26. Qxa6) 24... Nxg4 25. Qa7 Qc7 {Precision: White = 34%, Black = 41%.} 0-1

[Event "Tatry Open 2018"]
[Site "Tatranska Lomnica"]
[Date "2018.09.30"]
[Round "1"]
[White "Hursky, Karel P"]
[Black "Petran, Peter"]
[Result "1-0"]
[WhiteElo "2051"]
[BlackElo "2270"]
[Annotator "TA"]
[PlyCount "87"]
[EventDate "2018.09.30"]
[EventType "swiss"]
[EventCountry "SVK"]
[SourceTitle "playchess.com"]
[Source "ChessBase"]
[SourceQuality "1"]

{[%evp 17,87,-2,6,-14,-10,-13,-18,-16,-10,-9,-5,-9,0,12,8,-149,16,16,33,18,35,26,28,0,48,0,61,63,88,104,188,168,175,165,185,204,252,264,372,361,581,580,577,556,556,556,531,363,430,429,465,390,753,721,719,696,1222,1207,1410,1379,1629,1485,1977,2157,2134,2079,29977,29979,29979,29978,29977,29977]} 1. Nf3 g6 2. e4 Bg7 3. d4 d6 4. Bd3 Nf6 5. h3 O-O 6. Be3 Nbd7 7. Nbd2 e5 8. dxe5 dxe5 9. O-O Qe7 10. Nc4 {B07: Pirc Defence: Miscellaneous Systems} b6 $146 ({Predecessor:} 10... b5 11. Na5 a6 12. a3 Nc5 13. b4 Nfxe4 14. Bxe4 Nxe4 15. Qd5 Bf5 16. Nc6 Qd6 17. Rfd1 Qxd5 {½-½ (26) Tsai,R (1890)-Gruzdev,A (1688) Uljanovsk 2009}) 11. Qd2 Bb7 12. Bg5 {The position is equal.} Rfe8 13. Rfe1 Rad8 14. b4 Qf8 15. Qc3 h6 16. Bc1 $2 {[#]} (16. Bd2 $11) 16... Nh5 $2 (16... Nd5 $1 $17 {[%cal Rd5c3][%mdl 512]} 17. Qa3 (17. exd5 $2 e4 $19) 17... Nxb4 18. Qxa7 Nc5) 17. Bb2 $11 Qe7 18. Qb3 a6 19. Rad1 Rb8 20. g3 Kh7 21. Kg2 f6 (21... b5 $11 22. Na5 c5) 22. Ne3 $36 {[%mdl 2048] Black is under pressure.} Nf8 23. Nd5 Bxd5 (23... Qf7 $16) 24. exd5 $18 (24. Qxd5 $6 Qxb4 25. Bc1 (25. Bc4 Ne6 $11) 25... b5 $16) 24... b5 {[#]} 25. Nd4 $1 Qd7 26. Nc6 Rb6 27. c4 {[%cal Bc2c4,Bc4c5][%mdl 32]} Ne6 (27... bxc4 {was necessary.} 28. Qxc4 Ne6) 28. c5 (28. dxe6 Qxc6+ 29. Be4 Qxc4 $16) 28... Nef4+ $2 (28... Ng5 29. Bf1 (29. Bxg6+ Kxg6 30. cxb6 Qxh3+ 31. Kg1 Nf4 $11) 29... Rb7) 29. gxf4 Nxf4+ 30. Kg1 Nxh3+ 31. Kh2 Ng5 {( -> ...Qh3+)} 32. Bf1 Qg4 33. Bg2 (33. cxb6 Nf3+ 34. Qxf3 Qxf3 $16) 33... e4 {aiming for ...Nf3+.} 34. Re3 {[%cal Be1e3,Be3h3,Bh3g3][%mdl 32]} ({And not} 34. cxb6 Nf3+ 35. Qxf3 (35. Bxf3 exf3 36. Qxf3 Qxf3 $17) 35... exf3 $17) 34... f5 $2 (34... Rb7 35. Rg3 Qh5+ 36. Kg1 f5) 35. Bxg7 f4 36. Rh3 (36. cxb6 f3 $19) (36. Bh3 Qh4 $16) 36... Kxg7 37. cxb6 f3 38. Rg3 Qh5+ 39. Bh3 e3 40. fxe3 f2 41. Rf1 Nf3+ {[#]} 42. Rxf3 $1 {White mates.} Qxf3 43. Qb2+ Kh7 44. Qxf2 {Precision: White = 60%, Black = 26%.} 1-0

[Event "Tatry Open 2018"]
[Site "Tatranska Lomnica"]
[Date "2018.09.30"]
[Round "1"]
[White "Ruzicka, Milan"]
[Black "Franzen, Jozef"]
[Result "1-0"]
[WhiteElo "2037"]
[BlackElo "2254"]
[Annotator "TA"]
[PlyCount "81"]
[EventDate "2018.09.30"]
[EventType "swiss"]
[EventCountry "SVK"]
[SourceTitle "playchess.com"]
[Source "ChessBase"]
[SourceQuality "1"]

{[%evp 21,81,0,11,-8,0,-9,30,0,11,-21,-8,-27,0,0,0,-56,-62,-244,-202,-183,-219,-206,0,0,19,20,38,-142,0,-104,-100,-149,-102,-103,-44,-61,266,269,259,263,264,237,243,239,348,-463,383,308,386,395,842,820,1471,1435,1818,1804,1699,1752,1718,1706,29990,29991]} 1. d4 Nf6 2. c4 g6 3. Nc3 Bg7 4. e4 d6 5. Nf3 O-O 6. Be2 Nbd7 7. O-O e5 8. h3 c6 9. Be3 exd4 10. Nxd4 {E94: King's Indian: Classical: 6 Be2 e5 7 0-0: Various Black 7th moves} Re8 11. Qc2 Nc5 {[%cal Rf6e4] LiveBook: 3 Games} 12. f3 {The position is equal.} (12. Bf3 a5 13. Rad1 Qe7 14. Rfe1 Nfd7 15. b3 h5 16. g3 a4 17. b4 Ne6 {½-½ (55) Le Roux,J (2560)-Iturrizaga Bonelli,E (2665) London 2017}) 12... Qe7 13. Bf2 (13. Bd3 $5) 13... a5 $146 ({Predecessor:} 13... Nh5 14. Qd2 Be5 15. b4 Ne6 16. Nxe6 Bxe6 17. Rfe1 Bf4 {0-1 (29) Linn,G (2060)-Minaya Molano,J (2305) Saint John 1988}) 14. Rad1 Nh5 15. Rfe1 Be5 {...Qg5 is the strong threat.} 16. Qd2 Bf4 17. Be3 Qg5 18. Bxf4 ({White should play} 18. Bf1 $1 $11) 18... Nxf4 $15 {[%csl Gf4][%cal Rg5g2]} 19. g4 $2 ({Only move:} 19. Bf1 $1 $15) 19... Nxh3+ $19 20. Kg2 Nf4+ 21. Kg3 Nxe2+ $2 (21... Nh5+ $19 22. Kg2 Nf4+ 23. Kg3 h5) 22. Rxe2 $11 Qe5+ 23. f4 Qg7 24. Rh1 $2 (24. Nf3 $1 $14) 24... Be6 ({Black should try} 24... h5 $1 $17 25. gxh5 gxh5+ 26. Kf2 Bg4) 25. Nxe6 (25. Reh2 $1 $11) 25... Rxe6 $17 ({Much weaker is} 25... Nxe6 $6 26. Reh2 $11) 26. Kf3 Rae8 27. f5 {[#]} Re5 (27... R6e7 $1 $17 28. Qh6 Qxh6 29. Rxh6 Nd3) 28. Qxd6 $15 Ne6 $2 {[%mdl 8192]} (28... f6 $15) 29. fxe6 $18 Qf6+ 30. Kg3 R8xe6 31. Qb8+ Re8 32. Qxb7 Rg5 (32... Qd6 {might work better.} 33. Kg2 h5) 33. Rf2 $4 {[%mdl 8192] [#]} (33. Qc7 $18 {and all is fine.}) 33... Qd6+ $4 {[%mdl 8192]} (33... Rxg4+ $1 $19 {[%mdl 512]} 34. Kxg4 Qxf2) 34. Kh4 f6 {White must now prevent ...h5.} 35. Rd1 Qf8 $2 (35... Qe6 36. Rg2 h5) 36. Qxc6 Qh6+ 37. Kg3 Rf8 38. Qe6+ Kh8 39. Rh2 Rxg4+ 40. Qxg4 f5 41. Rxh6 {Precision: White = 29%, Black = 28%.} 1-0

[Event "Tatry Open 2018"]
[Site "Tatranska Lomnica"]
[Date "2018.09.30"]
[Round "1"]
[White "Czajkowski, Ryszard"]
[Black "Pniaczek, Marek"]
[Result "1-0"]
[WhiteElo "2032"]
[BlackElo "2234"]
[Annotator "TA"]
[PlyCount "79"]
[EventDate "2018.09.30"]
[EventType "swiss"]
[EventCountry "SVK"]
[SourceTitle "playchess.com"]
[Source "ChessBase"]
[SourceQuality "1"]

{[%evp 18,78,11,14,37,18,23,16,20,0,20,-22,47,33,33,33,43,38,32,37,28,45,40,37,36,21,13,0,0,-11,-4,-10,-9,-16,0,-20,0,-6,0,0,0,0,7,-8,0,0,0,0,0,-17,-18,-26,-27,-12,29984,29977,29985,29986,29986,29987,29993,29994,29999]} 1. d4 d5 2. c4 e6 3. Nc3 Bb4 4. e3 Nf6 5. Nge2 O-O 6. a3 Bd6 7. c5 Be7 8. b4 b6 9. Nf4 a5 {E46: Nimzo-Indian: Rubinstein: 4 e3 0-0 5 Ne2 without early Bd3} 10. Bd2 {LiveBook: 23 Games} (10. Bb2 axb4 11. axb4 Rxa1 12. Bxa1 Nc6 13. b5 Nxd4 14. exd4 bxc5 15. dxc5 Bxc5 16. Bd3 d4 17. Ne4 {½-½ (44) Navara,D (2735)-Cheparinov,I (2681) Jerusalem 2015}) 10... bxc5 11. bxc5 c6 {The position is equal.} 12. Be2 $146 ({Predecessor:} 12. Nd3 Ba6 13. Be2 Nbd7 14. f4 Qc8 15. O-O Ne4 16. Nxe4 dxe4 17. Nb2 {½-½ (45) Brusi Noguera,R (2122)-Dominguez Rueda,J (2074) Lloret 2018}) 12... e5 13. Nd3 Nfd7 14. Qc2 Qc7 (14... Bf6 $11) 15. f4 {[%cal Rf4e5]} e4 16. Nf2 f5 17. Rb1 Ba6 18. O-O Bxe2 19. Nxe2 Nf6 20. Rb2 Nbd7 21. Rfb1 Rfb8 22. Nc3 Bd8 23. Na4 Rxb2 24. Rxb2 Rb8 25. Nd1 g5 26. g3 gxf4 27. gxf4 Rxb2 28. Qxb2 Nf8 29. Be1 Ng6 30. Nb6 {[%cal Ba4b6,Bb6c8,Bc8d6,Bd6f5][%mdl 32]} Qa7 31. Nc8 Qa6 $1 {[%cal Ra6c8]} 32. Nd6 {[#] And now Qb8 would win.} Qd3 33. Nf2 Qxe3 34. Bd2 Qe2 {( -> ...e3)} 35. Qb8 Qxd2 $4 {[%mdl 8192] [#]} (35... Kh8 $11 36. Qxd8+ Ng8 37. Qxa5 e3 38. Bxe3 Qxe3) 36. Qxd8+ {White mates.} Kg7 37. Nxf5+ Kf7 38. Qc7+ Nd7 39. Qxd7+ Kf6 40. Ng4# {Precision: White = 45%, Black = 44%.} 1-0

[Event "Tatry Open 2018"]
[Site "Tatranska Lomnica"]
[Date "2018.09.30"]
[Round "1"]
[White "Gettler, Daniel"]
[Black "Matras, Ondrej"]
[Result "0-1"]
[WhiteElo "2024"]
[BlackElo "2224"]
[Annotator "TA"]
[PlyCount "105"]
[EventDate "2018.09.30"]
[EventType "swiss"]
[EventCountry "SVK"]
[SourceTitle "playchess.com"]
[Source "ChessBase"]
[SourceQuality "1"]

{[%evp 11,105,45,40,2,53,41,48,49,47,45,93,70,93,77,154,68,68,69,75,67,72,63,102,104,103,94,113,40,58,40,58,37,41,25,37,22,22,19,22,15,9,0,0,0,0,0,0,0,0,0,0,0,0,0,0,0,0,0,0,0,0,0,0,0,0,0,0,0,0,0,0,0,0,0,0,0,0,-4,81,81,134,0,0,0,0,0,0,0,0,0,0,0,21,187,170,-16]} 1. c4 e5 2. Nc3 Nc6 3. g3 f5 4. Bg2 Nf6 5. e3 Bb4 6. Nge2 O-O {LiveBook: 31 Games} 7. a3 {A25: English Opening vs King's Indian with ...Nc6 but without early d3} (7. O-O Bxc3 8. Nxc3 d6 9. d4 e4 10. f3 exf3 11. Qxf3 Bd7 12. b3 Rb8 13. Bb2 Qe8 14. Rae1 Qg6 15. Qd1 Ne7 16. e4 fxe4 17. Nxe4 Nxe4 18. Rxe4 Rxf1+ 19. Qxf1 {½-½ (67) Granda Zuniga,J (2663)-Caruana,F (2801) Tromsoe 2014}) 7... Be7 (7... Bxc3 $11 8. Nxc3 d6) 8. d4 $14 d6 9. b4 {White is slightly better.} Qe8 10. O-O Qh5 $146 11. Nd5 Bd8 ({Not} 11... Ng4 $2 12. h3 $18) 12. Bb2 exd4 ({Wrong is} 12... Ng4 $2 13. h3 $18) (12... e4 $142) 13. Nxd4 (13. exd4 $16 Nxd5 14. Bxd5+ Kh8 15. Re1) 13... Qxd1 14. Rfxd1 Nxd4 15. Nxf6+ Bxf6 16. Bxd4 g6 17. Rac1 Bxd4 18. Rxd4 Rb8 19. h4 (19. c5 $16) 19... Be6 20. Bd5 Kf7 21. Kf1 Rfd8 22. Ke2 Ke7 23. Bxe6 Kxe6 {[%mdl 4096] Endgame KRR-KRR} 24. e4 fxe4 25. Rxe4+ Kd7 26. Kd3 Re8 27. Rce1 Rxe4 28. Rxe4 $11 {KR-KR} Rf8 29. Ke3 Rf6 30. f3 c6 31. g4 a6 32. Rd4 b5 33. f4 Re6+ 34. Kf3 Re1 35. f5 gxf5 36. gxf5 Ra1 37. cxb5 Rxa3+ 38. Kg4 {Black must now prevent bxc6+.} axb5 39. Kg5 $1 Rc3 40. Re4 d5 41. Re6 d4 42. Re4 d3 {Threatens to win with ...Rc4.} 43. Rd4+ Ke8 44. h5 Rb3 {[#]} (44... c5 $11 {remains equal.} 45. bxc5 Rxc5) 45. Kf6 $1 $16 d2 ({Black should try} 45... c5 46. bxc5 Rc3) 46. h6 {[#]} (46. Rxd2 $16 Rxb4 47. Re2+ Kf8 48. Re7) 46... Rxb4 $1 {[%mdl 512]} 47. Rxd2 (47. Rxb4 d1=Q) 47... Rh4 $1 48. Kg7 Rg4+ $1 49. Kf6 {Strongly threatening Re2+.} Rh4 50. Kg7 Rg4+ $1 51. Kf6 {Re2+ is the strong threat.} c5 52. Re2+ Kd8 {[#]} 53. Re7 $2 {[%mdl 32768] Precision: White = 62%, Black = 61%. . Loss on Time!?} ({White must play} 53. Re5 $1 $18) 0-1